[Event "U12 Polish Youth Championship"]
[Site "chess24.com"]
[Date "2018.05.05"]
[Round "9"]
[White "Madej, Marek"]
[Black "Matela, Krzysztof"]
[Result "1/2-1/2"]
[Board "7"]
[WhiteElo "1734"]
[WhiteCountry "POL"]
[WhiteFideId "21835942"]
[WhiteEloChange "-3"]
[BlackElo "1642"]
[BlackCountry "POL"]
[BlackFideId "21828962"]
[BlackEloChange "3"]

1. e4 {[%clk 1:30:47]} d5 {[%clk 1:30:58]} 2. exd5 {[%clk 1:31:07]} Nf6 {[%clk
1:31:22]} 3. d4 {[%clk 1:31:06]} Nxd5 {[%clk 1:31:49]} 4. Nf3 {[%clk 1:30:51]} g6
{[%clk 1:32:13]} 5. c4 {[%clk 1:30:30]} Nb6 {[%clk 1:32:39]} 6. Nc3 {[%clk
1:30:17]} Bg7 {[%clk 1:33:04]} 7. h3 {[%clk 1:30:03]} O-O {[%clk 1:27:14]} 8. Be3
{[%clk 1:28:58]} Nc6 {[%clk 1:24:25]} 9. Be2 {[%clk 1:28:39]} Re8 {[%clk
1:16:16]} 10. O-O {[%clk 1:21:00]} e5 {[%clk 1:09:44]} 11. d5 {[%clk 1:21:14]}
Ne7 {[%clk 1:10:06]} 12. g4 {[%clk 1:12:35]} f5 {[%clk 1:02:49]} 13. Ng5 {[%clk
1:12:38]} h6 {[%clk 0:38:03]} 14. Qb3 {[%clk 1:02:16]} hxg5 {[%clk 0:31:01]} 15.
Bxg5 {[%clk 1:01:37]} Kh7 {[%clk 0:30:16]} 16. Rad1 {[%clk 1:00:03]} Bh6 {[%clk
0:22:08]} 17. Bxh6 {[%clk 0:41:11]} Kxh6 {[%clk 0:21:58]} 18. d6 {[%clk 0:41:01]}
Nc6 {[%clk 0:20:36]} 19. Nb5 {[%clk 0:40:23]} Nd4 {[%clk 0:19:04]} 20. Nxd4
{[%clk 0:34:59]} exd4 {[%clk 0:19:21]} 21. Bf3 {[%clk 0:35:07]} Qxd6 {[%clk
0:18:47]} 22. c5 {[%clk 0:33:47]} Qxc5 {[%clk 0:17:36]} 23. Rfe1 {[%clk 0:32:50]}
Bd7 {[%clk 0:15:49]} 24. Bxb7 {[%clk 0:32:48]} Rxe1+ {[%clk 0:14:44]} 25. Rxe1
{[%clk 0:33:10]} Re8 {[%clk 0:15:13]} 26. Rd1 {[%clk 0:30:25]} Ba4 {[%clk
0:14:45]} 27. g5+ {[%clk 0:28:14]} Kg7 {[%clk 0:14:35]} 28. Qd3 {[%clk 0:28:27]}
Bxd1 {[%clk 0:14:56]} 29. Qxd1 {[%clk 0:28:54]} Qe5 {[%clk 0:14:41]} 30. Qf3
{[%clk 0:28:48]} Rd8 {[%clk 0:14:38]} 31. Qc6 {[%clk 0:28:50]} d3 {[%clk
0:14:34]} 32. f4 {[%clk 0:29:17]} Qxf4 {[%clk 0:14:23]} 33. Qf6+ {[%clk 0:29:41]}
Kh7 {[%clk 0:12:36]} 34. Qe7+ {[%clk 0:27:51]} Kh8 {[%clk 0:12:50]} 35. Qxd8+
{[%clk 0:28:15]} Kh7 {[%clk 0:13:16]} 36. Qe7+ {[%clk 0:26:04]} Kh8 {[%clk
0:13:40]} 37. Qf8+ {[%clk 0:26:23]} Kh7 {[%clk 0:13:55]} 38. Qh6+ {[%clk
0:25:41]} Kg8 {[%clk 0:14:20]} 39. Qxg6+ {[%clk 0:26:06]} Kh8 {[%clk 0:14:22]}
40. Qf6+ {[%clk 0:18:56]} Kg8 {[%clk 0:14:47]} 41. Qd8+ {[%clk 0:13:59]} Kg7
{[%clk 0:15:06]} 42. Qxd3 {[%clk 0:08:50]} Qxg5+ {[%clk 0:15:29]} 43. Kh2 {[%clk
0:08:47]} Qf4+ {[%clk 0:11:25]} 44. Qg3+ {[%clk 0:07:00]} Qxg3+ {[%clk 0:11:50]}
45. Kxg3 {[%clk 0:07:27]} Na4 {[%clk 0:11:17]} 46. b3 {[%clk 0:07:09]} 1/2-1/2

[Event "U12 Polish Youth Championship"]
[Site "chess24.com"]
[Date "2018.05.05"]
[Round "9"]
[White "Herwy, Jakub"]
[Black "Wnek, Filip"]
[Result "0-1"]
[Board "8"]
[WhiteElo "1590"]
[WhiteCountry "POL"]
[WhiteFideId "21852855"]
[WhiteEloChange "-5"]
[BlackElo "1760"]
[BlackCountry "POL"]
[BlackFideId "21833281"]
[BlackEloChange "5"]

1. e4 {[%clk 1:30:58]} e5 {[%clk 1:29:53]} 2. Nf3 {[%clk 1:31:24]} Nc6 {[%clk
1:28:54]} 3. Bc4 {[%clk 1:31:47]} Be7 {[%clk 1:18:48]} 4. Nc3 {[%clk 1:25:57]}
Nf6 {[%clk 1:18:49]} 5. d4 {[%clk 1:26:07]} exd4 {[%clk 1:16:53]} 6. Nxd4 {[%clk
1:26:32]} Bb4 {[%clk 1:13:06]} 7. O-O {[%clk 1:20:18]} Bxc3 {[%clk 1:07:26]} 8.
bxc3 {[%clk 1:20:43]} O-O {[%clk 0:58:36]} 9. f3 {[%clk 1:11:29]} Ne5 {[%clk
0:58:39]} 10. Be2 {[%clk 1:10:26]} h6 {[%clk 0:47:48]} 11. c4 {[%clk 1:05:44]} d6
{[%clk 0:47:03]} 12. Be3 {[%clk 1:00:28]} Re8 {[%clk 0:46:47]} 13. Qd2 {[%clk
0:59:02]} Qe7 {[%clk 0:44:11]} 14. Rae1 {[%clk 0:56:19]} Bd7 {[%clk 0:43:02]} 15.
Kh1 {[%clk 0:53:05]} Rad8 {[%clk 0:43:09]} 16. Bg1 {[%clk 0:51:56]} c5 {[%clk
0:41:39]} 17. Nb3 {[%clk 0:51:57]} b6 {[%clk 0:39:44]} 18. Rd1 {[%clk 0:48:18]}
Bc6 {[%clk 0:38:50]} 19. Rfe1 {[%clk 0:42:45]} a6 {[%clk 0:37:46]} 20. Qc1 {[%clk
0:40:18]} Qe6 {[%clk 0:36:34]} 21. Nd2 {[%clk 0:40:19]} Nh5 {[%clk 0:36:41]} 22.
Bf1 {[%clk 0:39:42]} Qf6 {[%clk 0:34:47]} 23. Re3 {[%clk 0:37:45]} Qh4 {[%clk
0:34:45]} 24. f4 {[%clk 0:36:25]} Qxf4 {[%clk 0:29:13]} 25. Be2 {[%clk 0:33:12]}
Qg5 {[%clk 0:27:07]} 26. Qa3 {[%clk 0:24:47]} a5 {[%clk 0:24:03]} 27. Rf1 {[%clk
0:21:38]} Bd7 {[%clk 0:21:53]} 28. h3 {[%clk 0:16:39]} Ng6 {[%clk 0:18:15]} 29.
Bh2 {[%clk 0:15:29]} Nh4 {[%clk 0:18:16]} 30. g4 {[%clk 0:14:56]} Re6 {[%clk
0:10:48]} 31. Rg1 {[%clk 0:09:02]} Nf4 {[%clk 0:09:46]} 32. Bd1 {[%clk 0:06:02]}
Bc6 {[%clk 0:08:41]} 33. Rf1 {[%clk 0:05:36]} Nfg6 {[%clk 0:08:37]} 34. Rfe1
{[%clk 0:05:03]} Rde8 {[%clk 0:08:19]} 35. Qb3 {[%clk 0:05:10]} Qf6 {[%clk
0:07:49]} 36. Qd3 {[%clk 0:04:09]} Qd8 {[%clk 0:05:41]} 37. Bf3 {[%clk 0:03:29]}
Ne5 {[%clk 0:04:26]} 38. Bxe5 {[%clk 0:03:53]} Rxe5 {[%clk 0:04:42]} 39. Bg2
{[%clk 0:03:59]} Nxg2 {[%clk 0:04:17]} 40. Kxg2 {[%clk 0:04:26]} f5 {[%clk
0:04:30]} 41. gxf5 {[%clk 0:04:18]} Rxf5 {[%clk 0:04:47]} 42. Nf3 {[%clk
0:04:39]} Rf4 {[%clk 0:04:29]} 43. Kh2 {[%clk 0:04:15]} Qf6 {[%clk 0:04:38]} 44.
Nd2 {[%clk 0:03:27]} Rf2+ {[%clk 0:04:54]} 45. Kg3 {[%clk 0:03:05]} Qf4# {[%clk
0:05:12]} 0-1

[Event "U12 Polish Youth Championship"]
[Site "chess24.com"]
[Date "2018.05.05"]
[Round "9"]
[White "Bogusz, Alan"]
[Black "Karolczuk, Iwo"]
[Result "0-1"]
[Board "9"]
[WhiteElo "1683"]
[WhiteCountry "POL"]
[WhiteFideId "21810060"]
[WhiteEloChange "-9"]
[BlackElo "1723"]
[BlackCountry "POL"]
[BlackFideId "21816972"]
[BlackEloChange "9"]

1. d4 {[%clk 1:30:43]} Nf6 {[%clk 1:30:53]} 2. c4 {[%clk 1:31:04]} e6 {[%clk
1:31:18]} 3. g3 {[%clk 1:31:20]} c5 {[%clk 1:31:26]} 4. d5 {[%clk 1:31:31]} exd5
{[%clk 1:31:52]} 5. cxd5 {[%clk 1:31:53]} d6 {[%clk 1:32:20]} 6. Bg2 {[%clk
1:32:05]} g6 {[%clk 1:32:25]} 7. e4 {[%clk 1:32:01]} Bg7 {[%clk 1:32:48]} 8. Ne2
{[%clk 1:32:11]} O-O {[%clk 1:32:59]} 9. O-O {[%clk 1:32:21]} Re8 {[%clk
1:33:17]} 10. Nec3 {[%clk 1:32:38]} Nbd7 {[%clk 1:32:07]} 11. Bf4 {[%clk
1:32:10]} Ne5 {[%clk 1:32:23]} 12. Bxe5 {[%clk 1:32:29]} Rxe5 {[%clk 1:32:40]}
13. Nd2 {[%clk 1:32:28]} Rb8 {[%clk 1:31:55]} 14. a4 {[%clk 1:32:31]} b6 {[%clk
1:29:01]} 15. Nc4 {[%clk 1:32:18]} Re7 {[%clk 1:28:38]} 16. Re1 {[%clk 1:30:44]}
Ne8 {[%clk 1:17:49]} 17. f4 {[%clk 1:30:00]} f6 {[%clk 1:11:11]} 18. Rb1 {[%clk
1:28:01]} a6 {[%clk 1:08:56]} 19. Ra1 {[%clk 1:27:23]} b5 {[%clk 1:07:47]} 20.
axb5 {[%clk 1:27:31]} axb5 {[%clk 1:08:10]} 21. Ne3 {[%clk 1:26:40]} Qb6 {[%clk
1:05:49]} 22. Kh1 {[%clk 1:25:26]} Rc7 {[%clk 1:02:32]} 23. Bf1 {[%clk 1:24:42]}
Bd7 {[%clk 0:55:20]} 24. f5 {[%clk 1:22:30]} Rbc8 {[%clk 0:48:12]} 25. b3 {[%clk
1:22:06]} c4 {[%clk 0:44:26]} 26. bxc4 {[%clk 1:22:00]} bxc4 {[%clk 0:44:00]} 27.
Qc2 {[%clk 1:20:53]} Rc5 {[%clk 0:37:54]} 28. Reb1 {[%clk 1:19:48]} Qc7 {[%clk
0:37:27]} 29. Rb4 {[%clk 1:18:44]} Bh6 {[%clk 0:36:19]} 30. Ng4 {[%clk 1:16:55]}
Bg7 {[%clk 0:36:22]} 31. Rab1 {[%clk 1:16:31]} h5 {[%clk 0:35:10]} 32. Ne3 {[%clk
1:16:09]} Bh6 {[%clk 0:34:15]} 33. Ng2 {[%clk 1:14:29]} gxf5 {[%clk 0:34:05]} 34.
exf5 {[%clk 1:14:54]} Ng7 {[%clk 0:34:31]} 35. Nh4 {[%clk 1:14:40]} Bg5 {[%clk
0:33:24]} 36. Bh3 {[%clk 1:14:56]} Bxh4 {[%clk 0:31:54]} 37. gxh4 {[%clk
1:14:57]} Qd8 {[%clk 0:32:15]} 38. Rg1 {[%clk 1:14:12]} Be8 {[%clk 0:31:32]} 39.
Rb7 {[%clk 1:13:32]} R8c7 {[%clk 0:31:07]} 40. Rxc7 {[%clk 1:13:47]} Rxc7 {[%clk
0:31:31]} 41. Qg2 {[%clk 1:13:31]} Qe7 {[%clk 0:30:36]} 42. Qg3 {[%clk 1:12:26]}
Kh7 {[%clk 0:24:51]} 43. Re1 {[%clk 1:11:43]} Qf8 {[%clk 0:24:38]} 44. Re4 {[%clk
1:06:55]} Bf7 {[%clk 0:23:15]} 45. Qe3 {[%clk 1:06:08]} Qa8 {[%clk 0:20:20]} 46.
Qd2 {[%clk 1:04:43]} Rc5 {[%clk 0:15:41]} 47. Rd4 {[%clk 1:03:41]} Qa1+ {[%clk
0:15:44]} 48. Kg2 {[%clk 1:03:56]} Ne8 {[%clk 0:12:52]} 49. Re4 {[%clk 0:59:47]}
Rc7 {[%clk 0:13:14]} 50. Re1 {[%clk 0:59:44]} Qa3 {[%clk 0:13:18]} 51. Nb5 {[%clk
0:56:55]} c3 {[%clk 0:11:52]} 52. Qc2 {[%clk 0:53:55]} Bxd5+ {[%clk 0:11:42]} 53.
Kg3 {[%clk 0:54:08]} Rg7+ {[%clk 0:11:50]} 54. Kf4 {[%clk 0:54:28]} Qb4+ {[%clk
0:11:46]} 55. Ke3 {[%clk 0:54:40]} Re7+ {[%clk 0:11:51]} 56. Kf2 {[%clk 0:54:59]}
Qf4+ {[%clk 0:12:09]} 57. Kg1 {[%clk 0:55:12]} Rxe1+ {[%clk 0:12:32]} 58. Bf1
{[%clk 0:55:36]} Qxf1# {[%clk 0:12:58]} 0-1

[Event "U12 Polish Youth Championship"]
[Site "chess24.com"]
[Date "2018.05.05"]
[Round "9"]
[White "Backiel, Hubert"]
[Black "Paszkowski, Krystian"]
[Result "0-1"]
[Board "10"]
[WhiteElo "1653"]
[WhiteCountry "POL"]
[WhiteFideId "21838631"]
[WhiteEloChange "-13"]
[BlackElo "1563"]
[BlackCountry "POL"]
[BlackFideId "21853002"]
[BlackEloChange "13"]

1. e4 {[%clk 1:30:42]} c5 {[%clk 1:30:56]} 2. Nf3 {[%clk 1:31:03]} e6 {[%clk
1:31:21]} 3. Nc3 {[%clk 1:31:12]} a6 {[%clk 1:28:36]} 4. d4 {[%clk 1:30:55]} cxd4
{[%clk 1:28:51]} 5. Nxd4 {[%clk 1:31:00]} Qc7 {[%clk 1:29:17]} 6. g3 {[%clk
1:29:58]} Nf6 {[%clk 1:20:35]} 7. Bg2 {[%clk 1:28:33]} d6 {[%clk 1:10:33]} 8. O-O
{[%clk 1:25:54]} Be7 {[%clk 1:05:38]} 9. Be3 {[%clk 1:24:02]} O-O {[%clk
1:01:06]} 10. Qe2 {[%clk 1:23:41]} e5 {[%clk 0:50:48]} 11. Nb3 {[%clk 1:22:53]}
Be6 {[%clk 0:51:03]} 12. Rfd1 {[%clk 1:12:29]} Nbd7 {[%clk 0:42:42]} 13. h3
{[%clk 1:10:00]} b5 {[%clk 0:40:50]} 14. a3 {[%clk 1:07:37]} Rfc8 {[%clk
0:40:25]} 15. f4 {[%clk 0:57:04]} Nb6 {[%clk 0:33:51]} 16. f5 {[%clk 0:40:28]}
Bd7 {[%clk 0:28:09]} 17. Nd2 {[%clk 0:38:35]} Nc4 {[%clk 0:26:05]} 18. Nxc4
{[%clk 0:37:23]} Qxc4 {[%clk 0:16:38]} 19. Qf3 {[%clk 0:36:54]} Bc6 {[%clk
0:14:10]} 20. g4 {[%clk 0:33:29]} Bb7 {[%clk 0:08:36]} 21. g5 {[%clk 0:31:32]}
Ne8 {[%clk 0:08:20]} 22. Bf1 {[%clk 0:30:48]} Qc7 {[%clk 0:07:05]} 23. Rd2 {[%clk
0:27:39]} f6 {[%clk 0:04:54]} 24. Rg2 {[%clk 0:27:14]} fxg5 {[%clk 0:04:52]} 25.
Bxg5 {[%clk 0:24:20]} Bxg5 {[%clk 0:05:14]} 26. Rxg5 {[%clk 0:24:44]} Nf6 {[%clk
0:05:31]} 27. Rd1 {[%clk 0:24:25]} Rf8 {[%clk 0:05:25]} 28. Rd2 {[%clk 0:23:27]}
Kh8 {[%clk 0:04:54]} 29. Rdg2 {[%clk 0:21:39]} Rg8 {[%clk 0:04:09]} 30. h4 {[%clk
0:21:42]} Rac8 {[%clk 0:04:04]} 31. Kh2 {[%clk 0:21:18]} Qe7 {[%clk 0:04:11]} 32.
h5 {[%clk 0:16:38]} Rxc3 {[%clk 0:04:02]} 33. Qxc3 {[%clk 0:12:10]} Nxe4 {[%clk
0:04:28]} 34. Rxg7 {[%clk 0:10:51]} Rxg7 {[%clk 0:03:52]} 35. Qh3 {[%clk
0:08:47]} Ng5 {[%clk 0:02:10]} 36. Qe3 {[%clk 0:07:42]} Bxg2 {[%clk 0:02:20]} 37.
Bxg2 {[%clk 0:08:06]} e4 {[%clk 0:01:41]} 38. h6 {[%clk 0:07:30]} Qe5+ {[%clk
0:01:53]} 39. Kh1 {[%clk 0:07:47]} Rg8 {[%clk 0:02:06]} 40. Qb6 {[%clk 0:06:47]}
Nf3 {[%clk 0:02:02]} 41. Bxf3 {[%clk 0:06:49]} exf3 {[%clk 0:02:24]} 42. Qf2
{[%clk 0:06:59]} Qxf5 {[%clk 0:02:13]} 43. Qd4+ {[%clk 0:07:10]} Qe5 {[%clk
0:02:32]} 44. Qh4 {[%clk 0:07:29]} f2 {[%clk 0:01:49]} 45. Qh3 {[%clk 0:00:31]}
Rg1# {[%clk 0:02:03]} 0-1

[Event "U12 Polish Youth Championship"]
[Site "chess24.com"]
[Date "2018.05.05"]
[Round "9"]
[White "Wojdak, Jan"]
[Black "Pazdzierz, Piotr"]
[Result "1-0"]
[Board "11"]
[WhiteElo "1795"]
[WhiteCountry "POL"]
[WhiteFideId "21817111"]
[WhiteEloChange "2"]
[BlackElo "1440"]
[BlackCountry "POL"]
[BlackFideId "21810419"]
[BlackEloChange "-2"]

1. e4 {[%clk 1:30:57]} c5 {[%clk 1:30:55]} 2. Nf3 {[%clk 1:31:24]} d6 {[%clk
1:31:20]} 3. d4 {[%clk 1:31:47]} cxd4 {[%clk 1:31:45]} 4. Nxd4 {[%clk 1:32:14]}
Nf6 {[%clk 1:32:04]} 5. Nc3 {[%clk 1:32:41]} g6 {[%clk 1:32:20]} 6. Be3 {[%clk
1:33:07]} Bg7 {[%clk 1:32:44]} 7. f3 {[%clk 1:33:10]} O-O {[%clk 1:33:05]} 8. Qd2
{[%clk 1:33:37]} Nc6 {[%clk 1:33:17]} 9. O-O-O {[%clk 1:33:35]} d5 {[%clk
1:33:25]} 10. Qe1 {[%clk 1:33:45]} e5 {[%clk 1:33:08]} 11. Nxc6 {[%clk 1:34:06]}
bxc6 {[%clk 1:33:29]} 12. exd5 {[%clk 1:33:27]} Nxd5 {[%clk 1:19:44]} 13. Bc4
{[%clk 1:32:18]} Be6 {[%clk 1:18:51]} 14. Ne4 {[%clk 1:32:13]} Qc7 {[%clk
1:12:28]} 15. Bb3 {[%clk 1:17:25]} Nxe3 {[%clk 1:09:40]} 16. Qxe3 {[%clk
1:17:49]} Bxb3 {[%clk 1:09:12]} 17. cxb3 {[%clk 1:15:49]} Rad8 {[%clk 1:01:06]}
18. Qc5 {[%clk 1:14:45]} Qb6 {[%clk 0:53:00]} 19. Qxb6 {[%clk 1:14:52]} axb6
{[%clk 0:53:19]} 20. Kc2 {[%clk 1:15:08]} h6 {[%clk 0:51:01]} 21. Rhe1 {[%clk
1:12:15]} f5 {[%clk 0:44:41]} 22. Nd6 {[%clk 1:12:10]} b5 {[%clk 0:40:56]} 23. a4
{[%clk 1:12:18]} Rf6 {[%clk 0:38:59]} 24. Ne4 {[%clk 1:12:29]} Rff8 {[%clk
0:36:25]} 25. Nc5 {[%clk 1:12:55]} Rd5 {[%clk 0:33:40]} 26. Nd7 {[%clk 1:01:21]}
Re8 {[%clk 0:29:10]} 27. a5 {[%clk 0:56:35]} e4 {[%clk 0:16:44]} 28. b4 {[%clk
0:48:14]} e3 {[%clk 0:02:44]} 29. Nb6 {[%clk 0:41:05]} Rd4 {[%clk 0:01:30]} 30.
Rxd4 {[%clk 0:37:14]} Bxd4 {[%clk 0:01:39]} 31. Nd7 {[%clk 0:27:23]} Rd8 {[%clk
0:00:44]} 32. Nc5 {[%clk 0:26:52]} Kf7 {[%clk 0:00:51]} 33. Nb3 {[%clk 0:26:09]}
Ba7 {[%clk 0:00:46]} 34. g3 {[%clk 0:23:06]} g5 {[%clk 0:00:49]} 35. f4 {[%clk
0:23:05]} gxf4 {[%clk 0:01:01]} 36. gxf4 {[%clk 0:23:31]} Rg8 {[%clk 0:00:39]}
37. Re2 {[%clk 0:23:20]} Rg4 {[%clk 0:00:58]} 38. Nc5 {[%clk 0:23:40]} Rxf4
{[%clk 0:00:54]} 39. Rxe3 {[%clk 0:24:01]} Rxb4 {[%clk 0:01:07]} 40. Rc3 {[%clk
0:21:35]} Rg4 {[%clk 0:00:43]} 41. Nd3 {[%clk 0:21:49]} Rg2+ {[%clk 0:00:37]} 42.
Kb3 {[%clk 0:22:11]} Rxh2 {[%clk 0:00:34]} 43. Rxc6 {[%clk 0:22:31]} Bd4 {[%clk
0:00:47]} 44. a6 {[%clk 0:21:01]} Rd2 {[%clk 0:00:49]} 45. Rd6 {[%clk 0:12:40]}
Rxd3+ {[%clk 0:00:41]} 46. Kc2 {[%clk 0:13:06]} Re3 {[%clk 0:00:34]} 47. Rxd4
{[%clk 0:13:31]} Re7 {[%clk 0:00:40]} 48. Rd6 {[%clk 0:09:52]} Ke8 {[%clk
0:00:32]} 49. Rxh6 {[%clk 0:10:14]} Kd8 {[%clk 0:00:33]} 50. Rh8+ {[%clk
0:10:22]} Kc7 {[%clk 0:00:34]} 51. a7 {[%clk 0:10:50]} Re2+ {[%clk 0:00:39]} 52.
Kd3 {[%clk 0:11:13]} 1-0

[Event "U12 Polish Youth Championship"]
[Site "chess24.com"]
[Date "2018.05.05"]
[Round "9"]
[White "Madajczak, Piotr"]
[Black "Krahel, Karol"]
[Result "1-0"]
[Board "12"]
[WhiteElo "1618"]
[WhiteCountry "POL"]
[WhiteFideId "21835934"]
[WhiteEloChange "5"]
[BlackElo "1427"]
[BlackCountry "POL"]
[BlackFideId "21853517"]
[BlackEloChange "-5"]

1. e4 {[%clk 1:30:58]} c6 {[%clk 1:30:59]} 2. d4 {[%clk 1:31:22]} d5 {[%clk
1:31:25]} 3. Nc3 {[%clk 1:31:44]} dxe4 {[%clk 1:31:50]} 4. Nxe4 {[%clk 1:32:09]}
Bf5 {[%clk 1:32:09]} 5. Ng3 {[%clk 1:32:30]} Bg6 {[%clk 1:32:28]} 6. Bc4 {[%clk
1:32:40]} e6 {[%clk 1:31:44]} 7. N1e2 {[%clk 1:32:53]} Nf6 {[%clk 1:26:49]} 8.
O-O {[%clk 1:31:51]} Bd6 {[%clk 1:26:18]} 9. f4 {[%clk 1:31:29]} Qc7 {[%clk
1:23:42]} 10. Bd3 {[%clk 1:19:23]} Nbd7 {[%clk 1:16:22]} 11. c3 {[%clk 1:15:52]}
c5 {[%clk 1:01:38]} 12. Kh1 {[%clk 1:05:59]} Nd5 {[%clk 0:51:24]} 13. f5 {[%clk
0:59:39]} exf5 {[%clk 0:51:21]} 14. Bxf5 {[%clk 1:00:01]} O-O-O {[%clk 0:50:02]}
15. dxc5 {[%clk 0:57:40]} Qxc5 {[%clk 0:42:13]} 16. Ne4 {[%clk 0:56:35]} Qc6
{[%clk 0:39:56]} 17. Nxd6+ {[%clk 0:48:44]} Qxd6 {[%clk 0:40:09]} 18. c4 {[%clk
0:49:05]} Qe5 {[%clk 0:34:42]} 19. cxd5 {[%clk 0:39:06]} Bxf5 {[%clk 0:33:07]}
20. Bf4 {[%clk 0:39:24]} Qe7 {[%clk 0:28:12]} 21. Rc1+ {[%clk 0:39:43]} Nc5
{[%clk 0:28:36]} 22. b4 {[%clk 0:39:03]} Kd7 {[%clk 0:28:06]} 23. bxc5 {[%clk
0:39:19]} 1-0

[Event "U12 Polish Youth Championship"]
[Site "chess24.com"]
[Date "2018.05.05"]
[Round "9"]
[White "Wilk, Igor"]
[Black "Pancewicz, Szymon"]
[Result "1/2-1/2"]
[Board "13"]
[WhiteElo "1558"]
[WhiteCountry "POL"]
[WhiteFideId "21831580"]
[WhiteEloChange "-6"]
[BlackElo "1337"]
[BlackCountry "POL"]
[BlackFideId "21852995"]
[BlackEloChange "6"]

1. e4 {[%clk 1:30:48]} c5 {[%clk 1:30:51]} 2. Nf3 {[%clk 1:30:55]} e6 {[%clk
1:31:15]} 3. d4 {[%clk 1:31:07]} cxd4 {[%clk 1:31:39]} 4. Nxd4 {[%clk 1:30:47]}
Nf6 {[%clk 1:32:03]} 5. Nc3 {[%clk 1:31:22]} Nc6 {[%clk 1:32:24]} 6. Be2 {[%clk
1:30:56]} Bb4 {[%clk 1:32:38]} 7. O-O {[%clk 1:30:38]} Bxc3 {[%clk 1:31:26]} 8.
bxc3 {[%clk 1:30:56]} Nxe4 {[%clk 1:31:01]} 9. Bd3 {[%clk 1:30:40]} Nf6 {[%clk
1:29:36]} 10. Nb5 {[%clk 1:29:59]} d5 {[%clk 1:17:26]} 11. Ba3 {[%clk 1:28:10]}
Qa5 {[%clk 1:11:58]} 12. Nd6+ {[%clk 1:11:35]} Kd7 {[%clk 1:09:16]} 13. Qc1
{[%clk 1:10:07]} Qxc3 {[%clk 0:44:55]} 14. Rb1 {[%clk 1:04:04]} Rb8 {[%clk
0:25:46]} 15. Rb3 {[%clk 0:58:28]} Qd4 {[%clk 0:20:58]} 16. h3 {[%clk 0:52:40]}
h6 {[%clk 0:19:27]} 17. g3 {[%clk 0:46:20]} a6 {[%clk 0:14:46]} 18. Kh1 {[%clk
0:40:23]} b5 {[%clk 0:10:42]} 19. Nxf7 {[%clk 0:31:44]} Rg8 {[%clk 0:10:04]} 20.
Bb2 {[%clk 0:29:31]} Qc5 {[%clk 0:09:09]} 21. Qf4 {[%clk 0:27:26]} d4 {[%clk
0:05:22]} 22. Re1 {[%clk 0:19:46]} Bb7 {[%clk 0:04:18]} 23. f3 {[%clk 0:19:17]}
Nd5 {[%clk 0:02:06]} 24. Qg4 {[%clk 0:18:14]} Ne3 {[%clk 0:02:03]} 25. Qf4 {[%clk
0:11:57]} Rbf8 {[%clk 0:01:02]} 26. Bg6 {[%clk 0:09:37]} e5 {[%clk 0:00:54]} 27.
Qh4 {[%clk 0:09:13]} Ne7 {[%clk 0:00:55]} 28. Rexe3 {[%clk 0:08:23]} dxe3 {[%clk
0:01:16]} 29. Rd3+ {[%clk 0:08:22]} Bd5 {[%clk 0:01:01]} 30. Nxe5+ {[%clk
0:08:27]} Kc7 {[%clk 0:00:57]} 31. Rc3 {[%clk 0:06:04]} Bc4 {[%clk 0:01:23]}
1/2-1/2

[Event "U12 Polish Youth Championship"]
[Site "chess24.com"]
[Date "2018.05.05"]
[Round "9"]
[White "Krupinski, Mikolaj"]
[Black "Wiatrowski, Zbigniew"]
[Result "1/2-1/2"]
[Board "14"]
[WhiteElo "1547"]
[WhiteCountry "POL"]
[WhiteFideId "21835918"]
[WhiteEloChange "-3"]
[BlackElo "1427"]
[BlackCountry "POL"]
[BlackFideId "21880816"]
[BlackEloChange "3"]

1. e4 {[%clk 1:30:52]} d5 {[%clk 1:30:56]} 2. exd5 {[%clk 1:30:59]} Qxd5 {[%clk
1:31:20]} 3. Nc3 {[%clk 1:31:10]} Qd8 {[%clk 1:31:43]} 4. Nf3 {[%clk 1:30:28]} g6
{[%clk 1:31:53]} 5. g3 {[%clk 1:30:12]} Bg7 {[%clk 1:31:30]} 6. Bg2 {[%clk
1:30:26]} c6 {[%clk 1:31:14]} 7. d4 {[%clk 1:30:16]} Nh6 {[%clk 1:30:58]} 8. Bf4
{[%clk 1:29:21]} O-O {[%clk 1:26:30]} 9. O-O {[%clk 1:27:56]} Nf5 {[%clk
1:25:55]} 10. Be5 {[%clk 1:28:05]} Bh6 {[%clk 1:22:50]} 11. Ne2 {[%clk 1:19:14]}
Nd7 {[%clk 1:22:09]} 12. Bf4 {[%clk 1:19:26]} Bg7 {[%clk 1:21:06]} 13. c4 {[%clk
1:18:14]} Nb6 {[%clk 1:19:05]} 14. Rc1 {[%clk 1:10:07]} h5 {[%clk 1:17:42]} 15.
b3 {[%clk 1:08:53]} a5 {[%clk 1:15:57]} 16. Qd2 {[%clk 1:01:48]} f6 {[%clk
1:14:54]} 17. h4 {[%clk 0:55:40]} Be6 {[%clk 1:12:44]} 18. Rfd1 {[%clk 0:53:01]}
a4 {[%clk 1:08:11]} 19. Nc3 {[%clk 0:40:54]} axb3 {[%clk 1:05:32]} 20. axb3
{[%clk 0:41:21]} Bf7 {[%clk 1:02:19]} 21. d5 {[%clk 0:35:06]} cxd5 {[%clk
0:57:03]} 22. Nxd5 {[%clk 0:35:02]} Nxd5 {[%clk 0:56:12]} 23. cxd5 {[%clk
0:35:27]} Qa5 {[%clk 0:54:52]} 24. Qxa5 {[%clk 0:21:02]} Rxa5 {[%clk 0:55:14]}
25. Nd4 {[%clk 0:21:03]} Nxd4 {[%clk 0:54:32]} 26. Rxd4 {[%clk 0:21:31]} Rb5
{[%clk 0:52:44]} 27. b4 {[%clk 0:21:27]} f5 {[%clk 0:51:47]} 28. Rdd1 {[%clk
0:18:43]} Rd8 {[%clk 0:48:13]} 29. d6 {[%clk 0:18:39]} exd6 {[%clk 0:45:00]} 30.
Rxd6 {[%clk 0:17:26]} Rxd6 {[%clk 0:34:21]} 31. Bxd6 {[%clk 0:17:53]} Bd5 {[%clk
0:22:31]} 32. Rc8+ {[%clk 0:15:05]} Kh7 {[%clk 0:21:50]} 33. Rc7 {[%clk 0:11:47]}
Bxg2 {[%clk 0:21:31]} 34. Bf8 {[%clk 0:07:13]} Kg8 {[%clk 0:20:55]} 35. Bxg7
{[%clk 0:03:51]} Be4 {[%clk 0:18:23]} 36. Bc3 {[%clk 0:03:35]} Rb6 {[%clk
0:17:45]} 37. Kf1 {[%clk 0:01:09]} Rc6 {[%clk 0:17:02]} 38. Rxc6 {[%clk 0:01:31]}
Bxc6 {[%clk 0:16:26]} 39. Ke2 {[%clk 0:01:54]} Kf7 {[%clk 0:15:09]} 40. Ke3
{[%clk 0:02:01]} Bd7 {[%clk 0:13:57]} 41. Kd4 {[%clk 0:01:54]} Ke6 {[%clk
0:14:03]} 42. Kc5 {[%clk 0:02:12]} Bc6 {[%clk 0:14:21]} 43. Bd4 {[%clk 0:02:15]}
Bf3 {[%clk 0:14:34]} 1/2-1/2

[Event "U12 Polish Youth Championship"]
[Site "chess24.com"]
[Date "2018.05.05"]
[Round "9"]
[White "Jedraszek, Pawel"]
[Black "Dembicki, Karol"]
[Result "1-0"]
[Board "15"]
[WhiteElo "1514"]
[WhiteCountry "POL"]
[WhiteFideId "21833710"]
[WhiteEloChange "6"]
[BlackElo "1370"]
[BlackCountry "POL"]
[BlackFideId "21809747"]
[BlackEloChange "-6"]

1. e4 {[%clk 1:30:58]} c5 {[%clk 1:30:53]} 2. Nf3 {[%clk 1:31:22]} d6 {[%clk
1:31:16]} 3. d4 {[%clk 1:31:45]} cxd4 {[%clk 1:31:41]} 4. Nxd4 {[%clk 1:32:08]}
e6 {[%clk 1:31:57]} 5. Nc3 {[%clk 1:32:27]} Nf6 {[%clk 1:32:21]} 6. g4 {[%clk
1:32:52]} h6 {[%clk 1:31:51]} 7. h4 {[%clk 1:33:06]} b6 {[%clk 1:31:29]} 8. Rg1
{[%clk 1:31:27]} Bb7 {[%clk 1:31:44]} 9. f3 {[%clk 1:27:36]} Nfd7 {[%clk
1:30:11]} 10. g5 {[%clk 1:26:47]} Ne5 {[%clk 1:21:59]} 11. Be3 {[%clk 1:22:06]}
Be7 {[%clk 1:21:08]} 12. Qd2 {[%clk 1:20:50]} a6 {[%clk 1:18:13]} 13. O-O-O
{[%clk 1:19:01]} d5 {[%clk 1:17:30]} 14. g6 {[%clk 1:01:13]} Nxg6 {[%clk
1:12:11]} 15. Nxe6 {[%clk 1:01:22]} fxe6 {[%clk 1:11:32]} 16. Rxg6 {[%clk
1:01:44]} dxe4 {[%clk 1:09:47]} 17. Qg2 {[%clk 0:57:43]} Qc7 {[%clk 1:07:51]} 18.
Rxg7 {[%clk 0:55:17]} exf3 {[%clk 1:06:38]} 19. Qg6+ {[%clk 0:55:39]} Kf8 {[%clk
1:06:59]} 20. Qf7# {[%clk 0:56:04]} 1-0